01722 a2200193 45000010006000000050017000060080041000230030015000640400040000790800121001192450053002400200022002932640083003153000023003985050924004210410008013451000031013538560144013843008120260407155611.0260407a2014 arg spa dAR-UNSa-BCEJYS aAR-UNSa-BCEJYSbspacAR-UNSa-BCEJYS a342.7xDerechos fundamentales. Derechos humanos. Derechos y deberes de los ciudadanos (Derecho a la Salud, vivienda)10aLos derechos humanos en el derecho internacional a978-987-3720-04-8 1aBuenos Aires :bMinisterio de Justicia y Derechos Humanos de la Naciónc2014 aix, 261 p.c23 cm. a1. Censura indirecta y responsabilidad civil. El "Caso Fontevecchia y D`Amico vs. Argentina - 2. La diversidad cultural como criterio para la determinación de sanciones en materia penal - 3. Los derechos humanos al agua y al saneamiento: aportes para un debate nacional pendiente - 4. El delito de terrorismo, el Derecho Internacional Público y el Derecho Internacional de los Derechos Humanos - 5. El deber de garantía y de prevención y la violencia contra las mujeres - 6. El derecho de la educación como derecho humano - 7. Negocios y derechos humanos. La responsabilidad de los Estados cuando intervienanen empresas multinacionales en la violación de derechos humanos - 8. Uno de los últimos delitos sin víctimas. La prision con incesto consensuado entre hermanos adultos consanguíneos - 9. La lucha contra la trata de personas en Argentina y su compatibilidad con los estándares internacionales aspa1 aRey, Sebastián Alejandro41uhttps://biblioeco.unsa.edu.ar/pmb/images/libros/Los Derechos Humanos en el Derecho Internacional-l125111.jpgyImagen de portadaqimage/jpeg